| 000 | 00372nam a2200145Ia 4500 | ||
|---|---|---|---|
| 008 | 230917s9999||||xx |||||||||||||| ||und|| | ||
| 040 |
_e200250 _aMAIN |
||
| 041 | _aEnglish | ||
| 082 | _a954.5 G231A | ||
| 100 | _aGauba, Anand | ||
| 245 | 0 | _aAmritsar: A study in urban history 1840-1947 | |
| 260 |
_aJullandhar _bABS Publications _c1988 |
||
| 300 | _a368 p. | ||
| 942 | _cBK | ||
| 999 |
_c59434 _d59434 |
||